Diccionario del automóvil

Wedi'i Gadw mewn:
Manylion Llyfryddiaeth
Fformat: Llyfr
Iaith:Sbaeneg
Cyhoeddwyd: Barcelona Ceac 1969
Cyfres:Enciclopedia Ceac del Motor y Automóvil, 10
Pynciau:
Tagiau: Ychwanegu Tag
Dim Tagiau, Byddwch y cyntaf i dagio'r cofnod hwn!

MARC

LEADER 00000nam a2200000 a 4500
001 UCP2162
003 CL-VaPUC
008 990507e19690000SP |||||||||||||||||spa|d
082 0 4 |a 629.203  |b DIC  |2 21 
245 1 0 |a Diccionario del automóvil 
300 |a 1158 p 
942 |c BK 
945 |d 19990507 00:00:00  |a cmena 
260 |a Barcelona  |b Ceac  |c 1969 
650 0 |a Automóviles  |9 260871 
650 0 |a Motores   |9 334293 
650 0 |a Diccionarios  |9 256200 
650 0 |a Glosarios  |9 261047 
583 |a last modification  |c 19990507 00:00:00  |k Rodrigo Vera 
490 0 |a Enciclopedia Ceac del Motor y Automóvil, 10 
999 |c 280744  |d 280742 
952 |0 0  |1 0  |4 0  |6 629_203000000000000_DIC_1969  |7 0  |8 A  |9 321242  |a BIBMEC  |b BIBMEC  |d 2019-11-20  |i 1498797  |o 629.203 DIC 1969  |p 1498797  |r 2024-01-19  |w 2019-11-20  |y BK  |k MEC